000 00395pab a2200145 454500
008 180718b1983 xxu||||| |||| 00| 0 eng d
100 _aCourant, Paul N.
245 _aOn the effects of federal capital taxation on growing and declining areas
260 _c1983
300 _a242-61
362 _aSept.
650 _aTaxation - U.S.A.
773 _aJournal of Urban Economics
909 _a19059
999 _c19059
_d19059